00470 2200169 4500001002100000005001700021006001900038008004100057020002200098035002500120090001700145100001400162245004900176260003800225700002000263990001700283INLIS00000000000841320140307132214.0a ||| | 180719| ||| |  a978-979-29-3301-7 a0010-081300000000050 a004.64 UTO t0 aHernita P00aTIPS DAN TRIK SEPUTAR ANDROID DAN BLACKBERRY aYogyakartabANDI Yogyakartac20120 aEko Priyo Utomo a8579/PN/2013